POLYMER FRACTURE , WITH 180 FIGURE (Record no. 574488)

000 -LEADER
fixed length control field 00381nam a22001457a 4500
020 ## - INTERNATIONAL STANDARD BOOK NUMBER
International Standard Book Number 3-540-13250-3
082 ## - DEWEY DECIMAL CLASSIFICATION NUMBER
Classification number 620.1920426 KAU'P
100 ## - MAIN ENTRY--PERSONAL NAME
Personal name KAUSCH, HANS-HANNING
9 (RLIN) 66524
245 ## - TITLE STATEMENT
Title POLYMER FRACTURE , WITH 180 FIGURE
250 ## - EDITION STATEMENT
Edition statement 2ND
260 ## - PUBLICATION, DISTRIBUTION, ETC.
Place of publication, distribution, etc. LONDON
Name of publisher, distributor, etc. SPRINGER VERLAG
Date of publication, distribution, etc. 1987
300 ## - PHYSICAL DESCRIPTION
Extent 456P
650 ## - SUBJECT ADDED ENTRY--TOPICAL TERM
Topical term or geographic name entry element POLYMER AND POLINERIZATION FRACTURE
9 (RLIN) 66525
942 ## - ADDED ENTRY ELEMENTS (KOHA)
Koha item type Book
Holdings
Withdrawn status Lost status Damaged status Not for loan Permanent Location Current Location Shelving location Date acquired Total Checkouts Full call number Barcode Date last seen Price effective from Koha item type
        College of Electrical & Mechanical Engineering (CEME) College of Electrical & Mechanical Engineering (CEME) General Stacks 07/31/2017   620.1920426 KAU'P CEM-27055 06/28/2021 06/28/2021 Book
© 2023 Central Library, National University of Sciences and Technology. All Rights Reserved.